000 00313nam a22001337a 4500
999 _c54985
_d54985
008 200204b ||||| |||| 00| 0 eng d
041 _aeng
080 _a043.3
082 _2043.3
100 _a0
101 _aBTH
245 _aLindja e parakohshme dhe përfundimi Peripartal
_cObërtinca,N
942 _2udc
_cBK